TOP 30 POLSKI RAP/TRAP - WRZESIEŃ 2020. - Statystyki

Ogólne statystyki
  • Ten quiz został rozwiązany 92 razy
  • Średni wynik to 9 z 30
Statystyki odpowiedzi
Miejsce Wykonawca Odpowiedź % Poprawnych
5 TACO HEMINGWAY FEAT. BEDOES EUROPA
66%
13 OKI FEAT. ŻABSON DLA ZIOMALI
63%
3 KIZO FT. SZPAKU TSUNAMI
54%
9 FAVST / GIBBS FT. KUKON HALO
51%
10 MATA FT. JANUSZ WALCZUK NOBOCOTEL
51%
1 CHILLWAGON SQUO
46%
2 MARGARET FT. KIZO ROADSTER
44%
21 TACO HEMINGWAY FEAT. SZPAKU WWA NIE BERLIN
43%
15 YOUNG IGI NEANDERTALCZYK
39%
8 BOBER FT. FILIPEK PŁYTA DEKADY 2
38%
25 SZCZYL X FUKAJ KAPTUR/WCZORAJ
36%
29 DEEMZ FT. GOMBAO 33 I TOOK A PILL IN REMIZA
35%
30 OKI FEAT. DZIARMA, GVERILLA TAK BARDZO
35%
24 TACO HEMINGWAY FEAT. BORUCCI NA PARYSKIE GETTO PADA DESZCZ
31%
6 KIZO FT. TYMEK PS
31%
19 ALAN PATOLOGIKA
30%
26 TRILL PEM FEAT. SZYMI SZYMS, ALAN ZABAWA
30%
20 TACO HEMINGWAY LUXEMBOURG
26%
23 PEZET ZONDA
26%
14 SŁOŃ M.E.A.T.
21%
17 WIŚNIA BAKAJOKO CISZA NA PLANIE
20%
16 BLACHA JEDNO ŻYCIE
19%
4 KUBAŃCZYK X DJ SLAVIC Z TOBĄ
19%
11 DEDIS FT. NIZIOŁ, TPS, VIN VINCI PRZYJACIELE
18%
12 KACPER X FONOS TOMMY GUN
16%
18 BLACHA IBIZA
14%
7 MAJOR SPZ ŻAPKA
14%
27 KARTKY FT. DEYS GORZKICH SNÓW
13%
22 TACO HEMINGWAY TOSKANIA OUTRO
13%
28 SBM LABEL #HOT16CHALLENGE 2 FINAŁ AKCJI
3%
Nie znaleziono quizów pasujących do podanych kryteriów
Rozkład punktacji
Procent ludzi z każdym wynikiem
Percentyl według liczby udzielonych odpowiedzi
Twoja historia wyników
Nie rozwiązałeś tego quizu